000 00669nam a2200181Ia 4500
008 100921s9999 xx 000 0 und d
082 _b32605
_a891.463 न 00
100 _aपंडित शरदचंद्र भा.
245 _aमी तुझीच आहे.
260 _bपार्टनर प्रकाशन, मुंबई.
_c2000
300 _a124
_bशांती पब्लिकेशन,पुणे
365 _b80
520 _aललित-कादंबरी.
630 _aमी तुझीच आहे.
650 _aललित-कादंबरी.
730 _aमी तुझीच आहे.
942 _cBOOK
999 _c781718
_d781715